| 000 | 00959nam a2200277Ia 4500 | ||
|---|---|---|---|
| 005 | 20250425162119.0 | ||
| 008 | 250425s9999 xx 000 0 und d | ||
| 020 | _a8476157479 | ||
| 041 | _aspa | ||
| 082 | _a636.089 | ||
| 100 | _aARTHUR, GEOFREY H | ||
| 245 | 0 | _aREPRODUCCION Y OBSTETRICIA EN VETERINARIA | |
| 250 | _a6A ED. | ||
| 260 |
_aEspaƱa _bMCGRAW-HILL _c1991 |
||
| 260 | _aMADRID | ||
| 300 | _a702 | ||
| 500 | _aPARA LA ESP. DE ING. AGROPE. | ||
| 520 | _aTRATA SOBRE CONCEPTOS DEL CONTROL ENDOCRINICO DE LOS PROCESOS REPRODUCTIVOS DEL MACHO Y LA HEMBRA EN EL GANADO VACUNO.ADEMAS DE TECNICAS RECIENTEMENTE DESARROLLADAS, DE EXPLORACION DE ULTRASINIDOS DE LOS ORGANOS GENITALES Y EL DESARROLLO CIENTIFICO Y P | ||
| 650 | _aINSEMINACION ARTIFICIAL-GANADO VACUNO | ||
| 650 | _aMEDICINA VETERINARIA | ||
| 650 | _aREPRODUCCION ANIMAL | ||
| 700 | _aNOAKES, DAVID E | ||
| 700 | _aPEARSON, HAROLD | ||
| 942 | _c01 | ||
| 010 | _a50847 | ||
| 999 |
_c222586 _d222586 |
||